Women and science proceedings of the conference

Salvato in:
Dettagli Bibliografici
Altri autori: Colosimo, Annalisa, Dewandre, Nicole
Natura: Libro
Lingua:inglese
Pubblicazione: Brussel European Commission 1999
Soggetti:
Tags: Aggiungi Tag
Nessun Tag, puoi essere il primo ad aggiungerne!!

MARC

LEADER 00000nam a2200000 4500
001 c120562
005 20221108122421.7
020 |a 92-828-5752-2 
041 0 |a eng 
044 |a BE 
245 1 0 |a Women and science  |b proceedings of the conference  |c Edited by Annalisa Colosimo and Nicole Dewandre 
264 1 |a Brussel  |b European Commission  |c 1999 
300 |a 213 s. 
610 2 0 |a ženy 
610 2 0 |a výskum 
610 2 0 |a práva ľudské 
610 2 0 |a emancipácia 
610 2 0 |a Európa 
610 2 0 |a Európska únia 
700 1 |a Colosimo, Annalisa 
700 1 |a Dewandre, Nicole